000 00651nam a2200205 u 4500
005 20251111063907.0
008 090921s2000 ve r 000 0 spa d
020 _a9789802511969
035 _aUPN01000172410
049 _aCG
050 4 _aBF723 I5
_bV9.45
100 1 _aVygotski, Lev Semynovich,
_d1896-1934
245 1 0 _aImaginación y creación en la edad infantil /
_cL. S. Vigotsky.
260 _aCaracas :
_bLaboratorio Educativo,
_c[200-?].
300 _a118 p. :
_bil.
440 0 _aCuadernos de pedagogía ;
_v15
650 4 _aImaginación en niños
_912146
650 2 _aCreación (literaria, artística, etc.)
_95738
905 _aLibro
999 _c144514
_d144514